Detekcia zmien v obrazoch v priemyselnom prostredí pomocou neurónovej siete

Na minha lista:
Detalhes bibliográficos
Autor principal: Tisovský, Tomáš (Author)
Outros Autores: Komák, Martin (Thesis advisor)
Formato: Manuscrito Livro
Idioma:eslovaco
Publicado em: 2025
Assuntos:
Acesso em linha:http://is.stuba.sk/zp/portal_zp.pl?podrobnosti=169064
Tags: Adicionar Tag
Sem tags, seja o primeiro a adicionar uma tag!

MARC

LEADER 00000ntm a22000003a 4500
001 stuzp96971
003 SK-STU
005 20250614210406.1
007 ta
008 150427s2015----xo-----f-mn---000-0-slo-d
040 |a STU  |b slo 
041 0 |a slo 
100 1 |a Tisovský, Tomáš  |u 070200  |4 aut  |U FIIT Fakulta informatiky a informačných technológií  |T FIIT Ústav informatiky, informačných systémov a softvérového inžinierstva  |X 116314  |U I200  |Y 179  |7 116314 
242 0 1 |a Detection of changes in images in an industrial environment using a neural network  |y eng 
245 1 0 |a Detekcia zmien v obrazoch v priemyselnom prostredí pomocou neurónovej siete 
260 |c 2025 
650 4 |a Quality control  |2 eng 
650 4 |a Anomaly detection  |2 eng 
650 4 |a Change detection  |2 eng 
650 4 |a Detekcia anomálií  |2 slo 
650 4 |a Detekcia zmien  |2 slo 
650 4 |a Kontrola kvality  |2 slo 
700 1 |a Komák, Martin  |u 070200  |k Z1  |4 ths  |U FIIT Fakulta informatiky a informačných technológií  |T FIIT Ústav informatiky, informačných systémov a softvérového inžinierstva  |X 68441  |U I200  |Y 179  |7 A000068441 
856 4 |u http://is.stuba.sk/zp/portal_zp.pl?podrobnosti=169064